LEADER 00794nam0-22003011i-450- 001 990003244350403321 005 20001010 035 $a000324435 035 $aFED01000324435 035 $a(Aleph)000324435FED01 035 $a000324435 100 $a20000920d1909----km-y0itay50------ba 101 0 $aita 105 $ay-------001yy 200 1 $aGUIDA DEI DINTORNI DI TRIESTE 210 $aTrieste$cCaprin$d1909 215 $app.239 610 0 $aGuide Italiane,Geografia Turistica 676 $a046.003 710 02$aSocietà alpina delle Giulie$0129340 801 0$aIT$bUNINA$gRICA$2UNIMARC 901 $aBK 912 $a990003244350403321 952 $a046.003.SAG$b22125$fDECGE 959 $aDECGE 996 $aGUIDA DEI DINTORNI DI TRIESTE$9450090 997 $aUNINA DB $aING01 LEADER 00990nam a2200265 i 4500 001 991004384035507536 005 20250610114141.0 008 250610s1987 it er 001 0 ita d 040 $aBibl. Dip.le Aggr. Scienze Giuridiche - Sez. Studi Giuridici$bita$cSocioculturale Scs 041 0 $aita 082 04$a945.0924$223 245 00$a1946-1947 :$bdocumenti per la storia / a cura di P. Caridi ... [et al.] ; presentazione di Enrico Serra 246 13$aDocumenti per la storia : 1946-1947 260 $aRoma :$bFIAP,$c1987 300 $a350 p. ;$c21 cm 490 1 $aQuaderni della FIAP ;$v50 500 $aIn testa al frontespizio: FIAP, Federazione italiana associazioni partigiane 651 4$aItalia$y1946-1947$xStoria$vDocumenti 700 1 $aSerra, Enrico$d<1914-2007> 700 1 $aCaridi, Paola 710 2 $aFederazione italiana associazioni partigiane 830 0$aQuaderni della FIAP ;$v50 912 $a991004384035507536 996 $a1946-1947$9217157 997 $aUNISALENTO